La demanda de energía eléctrica en Colombia / (Registro nro. 8004)

Detalles MARC
000 -LEADER
fixed length control field 01356nam a2200241Ia 4500
003 - CONTROL NUMBER IDENTIFIER
control field OSt
005 - DATE AND TIME OF LATEST TRANSACTION
control field 20210610111313.0
008 - FIXED-LENGTH DATA ELEMENTS--GENERAL INFORMATION
fixed length control field 210310s1977 ck ad gr 000 0 spa d
040 ## - CATALOGING SOURCE
Original cataloging agency CO-JMCR
Transcribing agency CO-JMCR
041 0# - LANGUAGE CODE
Language code of text/sound track or separate title spa
082 04 - DEWEY DECIMAL CLASSIFICATION NUMBER
Classification number 333.7932 /
Item number C787d
Edition number 23
100 1# - MAIN ENTRY--PERSONAL NAME
Personal name Coral Martínez, José Ignacio,
9 (RLIN) 16057
Relator term autor
245 13 - TITLE STATEMENT
Title La demanda de energía eléctrica en Colombia /
Statement of responsibility, etc. por José Ignacio Coral Martínez
260 ## - PUBLICATION, DISTRIBUTION, ETC.
Place of publication, distribution, etc. Bogotá :
Name of publisher, distributor, etc. Universidad de los Andes : CEDE,
Date of publication, distribution, etc. 1977
300 ## - PHYSICAL DESCRIPTION
Extent v, 270 páginas :
Other physical details ilustraciones y gráficas a blanco y negro ;
Dimensions 27 cm.
490 0# - SERIES STATEMENT
Series statement Documento CEDE ;
Volume/sequential designation 040
504 ## - BIBLIOGRAPHY, ETC. NOTE
Bibliography, etc. note Bibliografía: páginas 265-270
505 0# - FORMATTED CONTENTS NOTE
Formatted contents note Tesis, objeto y utilidad de este estudio -- La demanda y la oferta de energía --Precios de la energía -- Cálculo de los precios de la energía -- Usuarios y consumos por rangos de energía -- Estimación de la demanda de energía -- Ejemplo de estimación de la demanda de energía eléctrica -- Modelos de la demanda con rezagos distribuidos -- Estudio de la demanda de energía mediante cortes transversales -- Influencia del ingreso sobre el gasto en energía eléctrica <br/>
650 14 - SUBJECT ADDED ENTRY--TOPICAL TERM
Topical term or geographic name entry element Energía eléctrica
9 (RLIN) 16059
General subdivision Producción
Geographic subdivision Colombia
650 24 - SUBJECT ADDED ENTRY--TOPICAL TERM
Topical term or geographic name entry element Energía eléctrica
General subdivision Consumo
9 (RLIN) 38300
650 24 - SUBJECT ADDED ENTRY--TOPICAL TERM
Topical term or geographic name entry element Energía eléctrica
General subdivision Econometría
Geographic subdivision Colombia
9 (RLIN) 38301
942 ## - ADDED ENTRY ELEMENTS (KOHA)
Source of classification or shelving scheme Dewey Decimal Classification
Koha item type Books
Existencias
Withdrawn status Lost status Source of classification or shelving scheme Damaged status Not for loan Collection code Home library Current library Date acquired Source of acquisition Full call number Barcode Date last seen Copy number Koha item type
    Dewey Decimal Classification     Non-fiction Biblioteca Pública José María del Castillo y Rada Biblioteca Pública José María del Castillo y Rada 04/15/2018 Donación 333.7932 / C787d 430003651 05/16/2024 Ej.1 Books